Česko-rumunská konverzace
Gespeichert in:
| Format: | Buch |
|---|---|
| Sprache: | Tschechisch Rumänisch |
| Veröffentlicht: |
Praha
Stát. ped. nakl.
1987
|
| Ausgabe: | 3. vyd. |
| Tags: |
Keine Tags, Fügen Sie das erste Tag hinzu!
|
MARC
| LEADER | 00000nam a2200000 4500 | ||
|---|---|---|---|
| 001 | c024402 | ||
| 005 | 20250813090758.6 | ||
| 041 | 0 | |a cze | |
| 041 | 0 | |a rum | |
| 044 | |a CZ | ||
| 245 | 1 | 0 | |a Česko-rumunská konverzace |
| 250 | |a 3. vyd. | ||
| 264 | 1 | |a Praha |b Stát. ped. nakl. |c 1987 | |
| 300 | |a 287 s. | ||